Statistics for Game of Thrones Characters in Only 1 Season

Click here to take the quiz!

General Stats

  • This quiz has been taken 55 times
  • The average score is 5 of 15

Answer Stats

SeasonCastAnswer% Correct
1MainEddard Stark
97%
1MainRobert Baratheon
76%
1MainKhal Drogo
62%
4RecurringOberyn Martell
59%
1MainViserys Targaryen
57%
1RecurringJory Cassel
38%
2RecurringPyat Pree
22%
2RecurringXaro Xhoan Daxos
22%
2RecurringCraster
19%
1RecurringSyrio Forel
19%
3RecurringKraznys mo Nakloz
14%
1RecurringSepta Mordane
14%
2RecurringQhorin Halfhand
11%
2RecurringSpice King
11%
6RecurringLady Crane
5%

Score Distribution

Percentile by Number Answered

Percent of People with Each Score

Your Score History

You have not taken this quiz